Which City? #BeNeLux - Statistics

General Stats
  • This quiz has been taken 24 times
  • The average score is 10 of 16
Answer Stats
Picture Answer % Correct
Amsterdam
100%
Brussels
100%
Luxembourg
95%
Antwerp
90%
Ghent
85%
Bruges
80%
Liège
65%
Utrecht
65%
Groningen
55%
Ostend
55%
Maastricht
45%
Zwolle
35%
Namur
30%
Delft
25%
Amersfoort
20%
Esch-sur-Alzette
20%
No matching quizzes found
Score Distribution
Percent of People with Each Score
Percentile by Number Answered
Your Score History
You have not taken this quiz